| 000 | 01012cam a2200289 a 4500 | ||
|---|---|---|---|
| 005 | 20260322212036.0 | ||
| 008 | data | ||
| 010 | _a 2007000400 | ||
| 020 | _a9780735557949 (hbk.) | ||
| 020 | _a0735557942 (hbk.) | ||
| 040 |
_aDLC _cDLC _dDLC _dC#P _dBAKER _dDLC |
||
| 043 | _an-us--- | ||
| 050 | 0 | 0 |
_aKF9218 _b.K3 2007 |
| 082 | 0 | 0 |
_a345.73 _222 |
| 092 | _a545.73 K3 2007 | ||
| 100 | 1 | _aKadish, Sanford H. | |
| 245 | 1 | 0 |
_aCriminal law and its processes : _bcases and materials / _cSanford H. Kadish, Stephen J. Schulhofer & Carol S. Steiker. |
| 250 | _a8th ed. | ||
| 260 |
_aAustin : _bWolters Kluwer Law & Business/Aspen Publishers, _cc2007. |
||
| 300 |
_axliii, 1173 p. : _bill. ; _c27 cm. |
||
| 504 | _aIncludes bibliographical references (p. 1143-1168) and index. | ||
| 650 | 0 |
_aCriminal law _zUnited States _vCases. |
|
| 700 | 1 | _aSchulhofer, Stephen J. | |
| 700 | 1 |
_aSteiker, Carol S. _q(Carol Susan) |
|
| 856 | 4 | 1 |
_3Table of contents only _uhttp://www.loc.gov/catdir/toc/ecip078/2007000400.html |
| 001 | data | ||
| 999 |
_c832 _d832 |
||